000 00604nam a2200193Ia 4500
003 GCL
008 140319s9999 xx 000 0 eng d
020 _a9280506404
040 _aGCL /
_cGCL
082 0 4 _a337.1
_bW A
245 1 0 _aAGREEMENT BETWEEN THE WORLD INTELLECTUAL PROPERTY ORGANIZATION AND THE WORLD TRADE ORGANIZATION ( 1995 )
260 _aسويسرا :
_bWORLD INTELLECTUAL PROPERTY ORGANIZATION ،
_c1997
300 _a20 CM ؛
_c166 P
650 0 4 _aINTELLECTUAL PROPERTY
650 0 4 _aINTERNATIONAL LAW
650 0 4 _aAGREEMENT, INTERNATIONAL
650 0 4 _aTREATIES
942 _2ddc
_cBK
999 _c7282
_d7282